12 mois en 15 secondes : janvier - Statistiques

Statistiques générales
  • Ce quiz a été pris 835 fois
  • Le résultat moyen est 6 sur 15
Statistiques - réponses
Janvier % Correct
Janvier
100%
Janvier
69%
Janvier
65%
Janvier
62%
Janvier
60%
Janvier
56%
Janvier
50%
Janvier
41%
Janvier
34%
Janvier
27%
Janvier
19%
Janvier
16%
Janvier
12%
Janvier
10%
Janvier
9%
Aucun quiz correspondant
Distribution des résultats
% des personnes avec chaque résultat
Percentile par nombre de réponses
Votre historique - résultats
Vous n’avez pas pris ce quiz